000 00535nam a2200181Ia 4500
999 _c8604
_d8604
003 OSt
005 20201007133114.0
008 190216s9999||||xx |||||||||||||| ||und||
020 _a8176560405
040 _coclc
082 _a005.133
_bKAN/L
100 _aKanetkar, Yashavant P
_95392
245 0 _aLet Us C /
_cYashavant P Kanetkar
260 _bBpb Publications,
_c1999.
_aNew Delhi:
300 _a772p
650 _a"Computer Programming. Programs, Data"
942 _cBK
_2ddc
_h005.133
_iKAN/L
_k005.133
_mKAN/L